000 00896nam a22002897a 4500
001 BR2017002272
003 BR-BrBNA
005 20230928105131.0
007 ta
008 230509b bl.||||| |||| 00| 0 por d
040 _aBR-BrBNA
_bpor
_cBiblioteca Nacional de Agricultura
041 _a(Por)
072 _aF03
_b2760
_b3575
090 _ 2760 BR2017002272
100 1 _aBárbara, C. das N.V.
110 1 _aUniversidade Federal de Lavras, MG (Brasil)
_0Tese (Mestrado)
245 1 _aEspectroscopia de infra vermelho e nível de deterioração de sementes de Nicotiana tabacum L.
260 3 _aLavras, MG (Brasil):
_c2016.
300 _a55 p.
500 _aSummaries (Eng, Por); Bibliography p. 50-55; 17 illus.; 5 tables
650 _aFUMO
650 _aSEMENTE
650 _aDETERIORAÇÃO
650 _aESPECTROMETRIA
909 _a202309
_bLucia
_c55
_dLucia Elande
942 _cBK
999 _c83604
_d83604